| 000 | 01081cam a2200301 a 4500 | ||
|---|---|---|---|
| 005 | 20260322212013.0 | ||
| 008 | data | ||
| 010 | _a 81020057 | ||
| 020 | _a0151686564 | ||
| 020 | _a015668568X (pbk.) | ||
| 020 | _a9780151686568 | ||
| 020 | _a9780156685689 (pbk.) | ||
| 040 |
_aDLC _cDLC _dDLC |
||
| 050 | 0 | 0 |
_aPS3509.L43 _bO55 1982 |
| 082 | 0 | 0 |
_a821/.912 _219 |
| 092 | _a821 O55 1982 | ||
| 100 | 1 |
_aEliot, T. S. _d1888-1965. _q(Thomas Stearns), |
|
| 245 | 1 | 0 |
_aOld Possum's book of practical cats / _cT. S. Eliot, Edward Gorey & Rouben Mamoulian Collection (Library of Congress). |
| 250 | _a1st ed. | ||
| 260 |
_aNew York : _bHarcourt Brace Jovanovich, _c1982, c1939. |
||
| 300 |
_a56 p. : _bill. ; _c21 cm. |
||
| 650 | 0 |
_aCats _xPoetry. |
|
| 700 | 1 |
_aGorey, Edward, _d1925-2000. |
|
| 710 | 2 |
_aRouben Mamoulian Collection (Library of Congress) _5DLC |
|
| 856 | 4 | 2 |
_3Publisher description _uhttp://www.loc.gov/catdir/description/har041/81020057.html |
| 856 | 4 | 2 |
_3Contributor biographical information _uhttp://www.loc.gov/catdir/enhancements/fy1003/81020057-b.html |
| 001 | data | ||
| 999 |
_c281 _d281 |
||